[Event "Lima Palma Memorial 2nd"]
[Site "Lima"]
[Date "2016.09.09"]
[Round "1.5"]
[White "Navarro, Edmundo"]
[Black "Ugarelli Ancasi, Juan Carlos"]
[Result "1-0"]
[WhiteElo "1907"]
[BlackElo "1564"]
[PlyCount "56"]
[EventDate "2016.09.09"]
[EventType "swiss"]
[EventRounds "7"]
[EventCountry "PER"]
[SourceTitle "EXT 2024"]
[Source "ChessBase"]
[SourceDate "2023.10.10"]
[SourceVersion "1"]
[SourceVersionDate "2023.10.10"]
[SourceQuality "1"]

1. e4 Nc6 2. d4 d5 3. exd5 Qxd5 4. Nf3 Bg4 5. Be2 0-0-0 6. Be3 Qh5 7. Nbd2 Nf6 8. h3 e6 9. 0-0 Bxf3 10. Bxf3 Qb5 11. Nb3 e5 12. a4 Qa6 13. Be2 Qb6 14. d5 Qb4 15. Bd2 Qe4 16. Bf3 Qg6 17. dxc6 e4 18. cxb7+ Kb8 19. Be2 Nd5 20. Qc1 Bd6 21. c4 Nf6 22. c5 Be5 23. Bc3 Bxc3 24. Qxc3 Kxb7 25. c6+ Ka8 26. Ba6 Rb8 27. Bb7+ Rxb7 28. cxb7+ Kxb7 1-0

[Event "Lima Castaneda Memorial op"]
[Site "Lima"]
[Date "2007.03.21"]
[Round "3"]
[White "Navarro, Edmundo"]
[Black "Ramos, Ernesto"]
[Result "0-1"]
[WhiteElo "1915"]
[BlackElo "2278"]
[PlyCount "74"]
[EventDate "2007.03.19"]
[EventType "swiss"]
[EventRounds "7"]
[EventCountry "PER"]
[SourceTitle "CBM 117 Extra"]
[Source "ChessBase"]
[SourceDate "2007.05.09"]
[SourceVersion "1"]
[SourceVersionDate "2007.05.09"]
[SourceQuality "1"]

1. e4 e5 2. Nf3 Nc6 3. Nc3 Bc5 4. Nxe5 Nxe5 5. d4 Bd6 6. dxe5 Bxe5 7. Bd2 Nf6 8. Bd3 0-0 9. Qf3 d5 10. Nxd5 Nxd5 11. exd5 Bxb2 12. Rb1 Re8+ 13. Be3 Bc3+ 14. Ke2 Qd6 15. Rhd1 g6 16. Rb3 Bg7 17. Qg3 Be5 18. Qh4 b6 19. Bb5 Bd7 20. Bxd7 Qxd7 21. Kf1 Qe7 22. Qxe7 Rxe7 23. Bc1 Rd8 24. Rbd3 Red7 25. f4 Bd6 26. Kf2 f5 27. Kf3 Kf7 28. Be3 Re8 29. g3 Re4 30. Rd4 Re8 31. R4d2 Rde7 32. Re2 Bc5 33. Rde1 Bb4 34. Rd1 h6 35. Rd3 g5 36. Rg2 g4+ 37. Kf2 Rxe3 0-1